[Event "Linares"]
[Site "Linares"]
[Date "1994.??.??"]
[Round "?"]
[White "Polgar, Judit"]
[Black "Kasparov, Garry"]
[Result "0-1"]
[WhiteElo "2630"]
[BlackElo "2805"]
[Annotator "Kasparov,G"]
[PlyCount "92"]
[EventDate "1994.??.??"]

{60/250} 1. e4 1... c5 2. Nf3 d6 3. d4 cxd4 4. Nxd4 Nf6 5. Nc3 a6 6. f4 e6 7.
Be2 Be7 8. O-O Qc7 9. Qe1 9... Nbd7 $5 {N} (9... O-O {- 55/(257)}) 10. a4 (10.
Bf3 $5 10... h6 $5 11. h3 11... Rg8 $1 12. Kh1 12... g5 $132 13. g3 gxf4 14.
gxf4 b5 15. e5 dxe5 16. fxe5 Nxe5 17. Bxa8 (17. Bf4 Nxf3) 17... Bb7+ 18. Bxb7
18... Qxb7+ $17) 10... b6 11. Bf3 Bb7 12. Kh1 (12. e5 $2 12... dxe5 13. Bxb7 (
13. fxe5 13... Bc5 $1 $17) 13... Qxb7 14. fxe5 14... Bc5 $17 15. Be3 Ng4) 12...
Rd8 (12... O-O $6 13. e5 dxe5 14. fxe5 Nxe5 15. Bxb7 Neg4 16. Qg3 (16. Bf4 Qxb7
) 16... Bd6 (16... Qxb7 17. h3 $1) 17. Bf4 $16) 13. Be3 (13. e5 $2 13... dxe5
14. fxe5 Nxe5 15. Bxb7 (15. Bf4 15... Nxf3 $1) 15... Rxd4 16. Bxa6 Neg4 17.
Bb5+ Kf8 18. Qh4 (18. g3 $4 18... Qb7+ 19. Kg1 19... Bc5 $19) 18... Ne4 $1 19.
Bf4 Qxf4 20. Qxe7+ (20. Rxf4 Bxh4 21. Rxg4 21... Nf2+ $19) 20... Kxe7 21. Rxf4
21... Nef2+ $17) (13. Qg3 $5 13... O-O $1 (13... Nc5 $2 14. e5 dxe5 15. fxe5 $1
15... Rxd4 16. Qxg7 Rg8 17. exf6 $1 $18) 14. e5 (14. Nd5 $6 14... Nxd5 15. exd5
Bxd5 (15... Bf6 $5 $15)) 14... dxe5 15. fxe5 15... Nxe5 $1 16. Bf4 (16. Bxb7 $2
16... Rxd4) (16. Bh6 $6 16... Ne8 17. Bf4 (17. Bxb7 Rxd4 18. Bxa6 18... Rg4 $1
$19) (17. Nxe6 fxe6 18. Bxb7 Rxf1+ 19. Rxf1 Bd6 20. Ne4 Qxb7 21. Nxd6 Nxd6 22.
Qxe5 gxh6 23. Qxe6+ 23... Nf7 $17) 17... Rxd4 $1 18. Bxe5 18... Bd6 $17) 16...
Bd6 17. Bxb7 (17. Ndb5 axb5 18. Nxb5 18... Nxf3 $1 19. Nxc7 19... Nh5 $1 $17)
17... Nh5 $1 $15) 13... O-O 14. Qg3 Nc5 15. f5 (15. e5 dxe5 (15... Nfe4 $6 16.
Nxe4 Nxe4 17. Bxe4 Bxe4 18. f5 $1 $16) 16. fxe5 16... Nfe4 $15) 15... e5 16.
Bh6 Ne8 17. Nb3 17... Nd7 $1 18. Rad1 18... Kh8 $1 (18... b5 19. axb5 axb5 20.
Nxb5 Qxc2 21. Nxd6 $1 21... Bxd6 22. Rxd6 Qxb3 23. Rxd7 Rxd7 24. Bxg7 $1 24...
f6 $8 25. Bxf6+ Ng7 26. Bxe5 $44) 19. Be3 19... Nef6 $6 (19... b5 $1 20. axb5
axb5 21. Qf2 b4 22. Nd5 Bxd5 23. Rxd5 Nef6 24. Rb5 24... Rc8 $15 (24... Rb8 $15
)) 20. Qf2 Rfe8 (20... Rc8 21. g4 $40) 21. Rfe1 (21. g4 21... d5 $1 22. exd5 (
22. g5 Nxe4 23. Bxe4 23... dxe4 $17) 22... e4 $132) 21... Bf8 22. Bg5 (22. g4
$5 22... d5 23. exd5 e4 24. Be2 24... Ne5 $1 (24... Bb4 $6 25. d6 $40) 25. Bxb6
(25. h3 Nxd5 26. Rxd5 26... Rxd5 $1 $17) 25... Nexg4 $1) 22... h6 23. Bh4 Rc8
24. Qf1 $1 {Nd2, Be2} 24... Be7 25. Nd2 $6 (25. Bf2 $1 25... Qb8 (25... Qc4 26.
Be2 $1) 26. Nd2 $14) 25... Qc5 $1 26. Nb3 (26. Bf2 $5 26... Qb4 27. Rb1 $13)
26... Qb4 27. Be2 $2 (27. Re3 $6 27... d5 $1 28. Bxf6 (28. exd5 $4 28... Qxh4)
28... Nxf6 29. exd5 29... Qf4 $1 (29... e4 30. Bxe4 $1 $13 (30. Nxe4 $2 30...
Nxd5 $17) (30. Rd4 $2 30... exf3 $1 31. Rxb4 fxg2+ 32. Qxg2 32... Bxb4 $17) (
30. Be2 $2 30... Bc5 31. Nxc5 Rxc5 32. Bxa6 Bxa6 33. Qxa6 33... Qxb2 $17)) (
29... Bd6 $5 30. Ne4 $2 30... Nxd5 31. Nxd6 Nxe3) 30. Rde1 (30. d6 $5 30... e4
31. Bxe4 31... Qxf1+ $1 (31... Bxd6 $6 32. Qxf4 Bxf4 33. Bxb7 $14) 32. Rxf1
32... Rxc3 $1 33. bxc3 $8 (33. Rxc3 $2 33... Nxe4 34. Rc7 $1 34... Nxd6 35. Re1
Be4 36. Nd2 36... Bh4 $17) 33... Bxd6 34. Bxb7 Rxe3 35. Bxa6 35... Ne4 $132)
30... Bd6 31. Be4 Bb4 (31... Ng4 32. Qxf4 $1 (32. Rg3 32... Rxc3 $1 33. bxc3 (
33. Qxf4 exf4 34. Rxc3 Nf2+) 33... Nf2+ 34. Kg1 Nxe4 35. Rf3 Qg4 36. h3 Qh4 37.
g3 37... Nxg3 $19) 32... exf4 33. R3e2 33... Nxh2 $1 34. Bd3 $1 (34. Nd4 $2
34... Ng4 $15) 34... Rxe2 35. Bxe2 Re8 36. Rd1 $1 $13) 32. Rf3 Bxc3 33. bxc3 $1
33... Qg4 34. h3 Qh4 35. g3 Qxe4 36. Rxe4 Nxe4 37. c4 Nd6 38. Nd2 38... b5 $15)
(27. Bf2 $5 $15) 27... Bxe4 $1 (27... Nxe4 $2 28. Bxe7 Rxe7 29. Bxa6 Bxa6 30.
Qxa6 $16) 28. Nxe4 (28. Bxa6 $2 28... Bxc2 $19) (28. Bxf6 $2 28... Nxf6 29.
Nxe4 Nxe4 30. Bxa6 30... Rxc2 $19) 28... Nxe4 29. Bxe7 Rxe7 30. Bf3 $1 (30.
Bxa6 Rxc2 31. Rxe4 Qxe4 32. Bd3 Qc6 33. Bxc2 33... Qxc2 $19) 30... Nef6 $6 (
30... Ndf6 $1 $17 31. Qxa6 31... Nf2+ $1 32. Kg1 32... Rxc2 $19) 31. Qxa6 Ree8
(31... Rxc2 $2 32. Nd4 $1) 32. Qe2 $8 32... Kg8 $6 (32... e4 $6 33. Bh5 $1 $132
(33. Rd4 $2 33... Qxe1+ 34. Qxe1 exf3 35. Qf1 35... Re2 $1 36. gxf3 Rcxc2 37.
Rh4 Rf2 38. Qe1 38... Ne5 $19)) (32... d5 $1 33. Bxd5 Nxd5 34. Rxd5 34... Rxc2
$1 35. Rd2 Rxd2 36. Qxd2 36... Qxa4 $1 $19) 33. Bb7 $1 33... Rc4 34. Qd2 Qxa4
35. Qxd6 Rxc2 36. Nd2 36... Nf8 $2 (36... Rb8 $1 $17 37. Ra1 $2 37... Qd4 $19)
37. Ne4 N8d7 38. Nxf6+ Nxf6 39. Qxb6 (39. Rxe5 Rxe5 40. Qxe5 40... Ng4 $1 $17 (
40... Rc7 $6 41. Bf3 $1) (40... Rd2 41. Re1 $1)) 39... Ng4 $1 40. Rf1 40... e4
$2 (40... Nf2+ $1 $19) 41. Bd5 41... e3 $1 $19 (41... Nf2+ $2 42. Rxf2 Rxf2 43.
Bb3 $1 43... Rxb2 44. Bxa4 Rxb6 45. Bxe8 $18) (41... Rxg2 $2 42. Kxg2 Qc2+ 43.
Kg3 Qxh2+ 44. Kxg4 h5+ 45. Kg5 Qg3+ 46. Kxh5 46... g6+ $4 47. Qxg6+ $1 $18 (47.
fxg6 $4 47... Re5+ 48. Kh6 Qh4#)) 42. Bb3 (42. Qg6 e2 43. Bxf7+ Kh8 44. Bxe8
44... exf1=Q+ $1 (44... Qf4 $4 45. Qh7+ $3 45... Kxh7 46. Bg6+ $18) 45. Rxf1
Qf4) 42... Qe4 $1 (42... Qc6 $2 43. Qxc6 Rxc6 44. Ba4 e2 45. Bxc6 Rc8 46. Ba4
$1 {d1!} 46... exd1=Q 47. Bxd1 Ne3 48. Rg1 $1 $11) 43. Bxc2 Qxc2 44. Rd8 (44.
Qb5 44... Qc7 $3 45. Qxe8+ Kh7 46. g3 46... Qc2 $1) (44. Rde1 e2 45. Rg1 (45.
Rf4 Qd2 46. Qb4 Qxb4 47. Rxb4 Nf2+ 48. Kg1 Nd3) 45... Qxb2 $1 46. Qc5 46... Qe5
$1) 44... Rxd8 45. Qxd8+ Kh7 46. Qe7 (46. Qd4 46... Qd2 $1 47. Qxd2 exd2 48. b4
48... Ne3 $1 (48... Nf2+ $2 49. Kg1 d1=Q 50. Rxd1 Nxd1 51. b5 $13) 49. Ra1
d1=Q+ 50. Rxd1 Nxd1 51. b5 51... Nf2+ $1 52. Kg1 Ne4) 46... Qc4 $1 0-1

[Event "Linares"]
[Site "Linares"]
[Date "1994.??.??"]
[Round "?"]
[White "Polgar, Judit"]
[Black "Kramnik, Vladimir"]
[Result "0-1"]
[WhiteElo "2630"]
[BlackElo "2710"]
[Annotator "Kramnik,V"]
[PlyCount "90"]
[EventDate "1994.??.??"]

{60/218} 1. e4 1... c5 2. Nf3 Nc6 3. d4 cxd4 4. Nxd4 Nf6 5. Nc3 d6 6. Bg5 e6 7.
Qd2 Be7 8. O-O-O O-O 9. f4 Nxd4 10. Qxd4 Qa5 11. Bc4 Bd7 12. e5 dxe5 13. fxe5
Bc6 14. Bxf6 gxf6 15. Bd5 {N} (15. Rde1 {- 4/499}) 15... f5 $1 (15... fxe5 $2
16. Qxe5 {Rd3}) (15... Kh8 16. Bxc6 (16. exf6 Bc5 17. Qg4 Rg8) 16... bxc6 (
16... fxe5 $2 17. Qa4) 17. exf6 Qg5+ 18. Qd2 Bxf6 19. Ne4 Qxd2+ 20. Rxd2 $14) (
15... Qb6 16. Bxc6 Qxd4 17. Rxd4 bxc6 (17... fxe5 18. Rg4+) 18. Rd7 $36) 16.
Bxc6 bxc6 17. g4 Bg5+ (17... Rab8 $2 18. gxf5 Ba3 19. Na4 $1) (17... Rad8 18.
Qf4 (18. Qe3 Rxd1+ 19. Rxd1 fxg4 20. Rg1 20... h5 $17) 18... Qxc3 $5 19. bxc3 (
19. Rxd8 Rxd8) (19. gxf5 $5) 19... Ba3+ 20. Kb1 Rb8+ 21. Ka1 Bb2+ 22. Kb1 22...
Ba3+ $11) 18. Kb1 Rad8 (18... Rab8 $2 19. gxf5 Rb4 20. Qd3 $16 (20. Qg1 $4
20... Rxb2+ 21. Ka1 21... h6 $19)) 19. Qc4 Rxd1+ 20. Rxd1 Qxe5 21. gxf5 21...
exf5 $2 (21... Qxf5 22. Qxc6 22... Bf6 $17) 22. Qxc6 Rb8 (22... Qxh2 23. Qc5 $1
) 23. Qg2 $6 (23. a3 $1 23... Bf6 (23... h6 $13) 24. Rd5 $1 24... Qe1+ (24...
Qxc3 $2 25. Rd8+ $1 25... Kg7 26. Qg2+ Kh6 27. Rxb8 $18) 25. Rd1 (25. Ka2 Qe6)
25... Rxb2+ (25... Qe5 26. Rd5 $11) 26. Kxb2 Bxc3+ 27. Qxc3 Qxd1 28. Qc8+ Kg7
29. Qxf5 $11) 23... h6 24. Ka1 (24. h4 Qxc3 25. b3 (25. Rd8+ $2 25... Kg7)
25... Qf6 (25... Qe3) 26. Rg1 (26. hxg5 26... hxg5 $17) 26... Kg7 27. hxg5 hxg5
28. Qxg5+ Qxg5 29. Rxg5+ 29... Kf6 $17) 24... Kh8 (24... Kh7) 25. a3 f4 (25...
Bf6 $5 $15) 26. Qh3 Qf6 27. Rd3 (27. Qf3 Qb6 28. Na4 Qe3) 27... Qb6 28. b3 $6 (
28. Nd1 28... Rd8 $5 $15) 28... Re8 29. Nd5 $2 29... Qg1+ $2 (29... Qc5 30. Kb2
Re2 31. Nc3 $8 31... Re3 $17) 30. Ka2 Kg7 (30... Qc1 31. Rc3 31... Re1 $2 32.
Rc8+ Kg7 (32... Kh7 33. Qd3+) 33. Qc3+) 31. b4 $1 $13 (31. Rd2 f3) 31... Qc1 $2
32. Rc3 (32. Qg2 $5 32... Rc8 (32... Re1 33. Kb3 Rg1 34. Qe4 $5) 33. c3 $36)
32... Re1 33. Kb3 Re5 (33... Qb1+ 34. Ka4) 34. Qd3 $2 (34. Qf3 $1 34... Qd2 35.
Rd3 Qxh2 36. c4 $14) 34... Qb1+ 35. Ka4 35... Qh1 $1 36. Rc5 (36. Nc7 Re3 37.
Qd4+ $2 37... Bf6) 36... Qe4 $1 $17 37. Qc3 $6 (37. Qxe4 Rxe4 38. Rc3 Re5 39.
Rd3 39... f3 $17) (37. Nc3 Qxd3 38. cxd3 38... Re3 $17) (37. h4 Qxd3 38. cxd3
f3 39. hxg5 39... hxg5 $17) 37... f3 $1 (37... Kh7 38. Qb3 38... f3 $2 39. Nc3
Qf4 40. Rxe5 f2 41. Ne2 $1) 38. Nb6 (38. h4 f2 39. hxg5 f1=Q 40. gxh6+ 40...
Kh7 $19) (38. Ne3 Bf6 39. Rxe5 Bxe5) (38. Rc4 Qxd5 39. Rc5 Qd7+ 40. b5 f6)
38... Bf6 39. Nd7 39... Rf5 $19 40. Qd2 (40. Nxf6 Rxf6 41. Rc4 Qf5 42. Qe1 f2
43. Qf1 Qg6 44. Rc3 Qg1 45. Rg3+ Rg6) (40. Qb3 Rxc5 41. Nxc5 Qc6+) 40... f2 41.
Qd6 f1=Q 42. Qf8+ Kg6 43. Qg8+ Bg7 44. Nf8+ Kh5 45. Qxf7+ Kh4 0-1

[Event "Linares"]
[Site "Linares"]
[Date "1994.??.??"]
[Round "?"]
[White "Polgar, Judit"]
[Black "Shirov, Alexey"]
[Result "0-1"]
[WhiteElo "2630"]
[BlackElo "2715"]
[Annotator "Shirov,A"]
[PlyCount "96"]
[EventDate "1994.??.??"]

{60/107} 1. e4 1... g6 2. d4 Bg7 3. Nc3 c6 4. Nf3 d6 5. Bg5 $5 5... Qb6 $5 6.
Rb1 {N} (6. a3 Bg4 7. Be3 Nd7) (6. Qd2 $5 6... Qxb2 7. Rb1 Qa3 8. Bd3 $44 (8.
Bc4 {- 14/180}) 8... h6 9. Be3 Nf6 10. O-O Nbd7 11. h3 11... Qa5 $13) 6... Bg4
7. Be3 Bxf3 8. gxf3 8... Qc7 $11 9. h4 9... e6 $1 10. h5 d5 11. Qd2 (11. Qe2
11... Nf6 $1 (11... Ne7 $6 12. h6 Bf8 13. Bh3 Nd7 14. Bg5 $14) 12. h6 Bf8 13.
Bg5 13... Be7 $11 14. Bxf6 Bxf6 15. exd5 cxd5 16. Nxd5 Qa5+ 17. Nc3 Bxd4 18.
Qb5+ 18... Nc6 $1) 11... Nd7 12. b4 (12. exd5 exd5 13. Bf4 Qb6 14. Qe3+ 14...
Ne7 $11 15. Bd6 $2 15... O-O $3 16. Bxe7 16... Rfe8 $17) 12... Ngf6 13. h6 $5
13... Bf8 14. Bf4 Qd8 (14... e5 $142 15. dxe5 Nxe5 16. Bxe5 Qxe5 17. f4 Qe6 18.
e5 Ne4 19. Nxe4 dxe4 20. Bh3 Qd5 21. c4 $1 21... Qxd2+ 22. Kxd2 22... a5 $5 (
22... Bxh6 23. Ke3 f5 24. exf6 Kf7 25. Bg4 25... Bf8 $11) 23. bxa5 23... Bc5 $1
24. Rxb7 24... O-O $44) 15. Bd3 (15. Be2 $142 15... Nb6 (15... Be7 16. e5 16...
Ng8 {Bf8} (16... Nh5 $2 17. Be3 {f4})) 16. a4 Be7 17. a5 17... Nc8 $11) 15...
Be7 16. Ne2 $6 (16. e5 Nh5 17. Be3 17... Nxe5 $1 18. dxe5 d4 19. Ne2 (19. Ne4
dxe3 20. fxe3 $11) 19... dxe3 20. Qxe3 $11) 16... O-O 17. c3 17... b5 $1 $15
18. Kf1 a5 19. a3 Nb6 20. Re1 20... Ne8 $5 (20... axb4 21. axb4 21... Ra3 $5 {
Qa8}) 21. Be5 Nd6 22. Bg7 Ndc4 23. Qc1 (23. Qf4 23... Re8 {a3}) 23... Re8 24.
e5 axb4 25. axb4 Ra2 26. Qf4 Rd2 27. Bb1 27... Na4 $5 {Bb1} 28. Kg2 Nab2 (28...
Rxe2 29. Rxe2 Nxc3 30. Ree1 Bxb4 31. Bd3 $1 $40) 29. Qg4 $1 (29. Ng3 $2 29...
Bg5 30. Qg4 30... Nd1 $1 $19) 29... Na3 30. Nf4 Nxb1 31. Rxb1 Nd3 32. Nxd3 (32.
Nh3 $6 32... Qa8 $1 33. Ra1 Ra2 34. Rad1 34... Nb2 $17) 32... Rxd3 33. Ra1 $2 (
33. Rhc1 $8 33... f5 $1 34. exf6 Bxf6 35. Ra1 $1 $15) 33... Rxc3 34. Ra7 34...
Rc4 $1 $19 35. Rha1 Rxb4 36. Qf4 c5 37. Rxe7 $5 37... Qxe7 38. Bf6 38... Qc7 $1
{39. Bg5 f5} 39. Ra6 Rxd4 40. Qg5 Ra4 41. Rd6 Raa8 42. Rc6 $5 (42. Bd8 f6) (42.
Qh4 $5 42... Qb7 $1 43. Bd8 f5 44. Qf6 c4 45. Rb6 Qd7 46. Rd6 Raxd8 47. Rxd7
Rxd7) 42... Qa7 $1 (42... Qxc6 $4 43. Be7 {Qf6+-}) 43. Bd8 (43. Ra6 Qxa6 44.
Be7 f5 45. Qf6 Rxe7 46. Qxe7 Qa7) 43... f6 44. Bxf6 c4 45. Qg4 Qf7 46. Qd4 Rec8
47. Qb6 Rxc6 48. Qxc6 Rb8 0-1

[Event "Linares"]
[Site "Linares"]
[Date "1994.??.??"]
[Round "?"]
[White "Shirov, Alexey"]
[Black "Anand, Viswanathan"]
[Result "1/2-1/2"]
[WhiteElo "2715"]
[BlackElo "2715"]
[Annotator "Anand,V"]
[PlyCount "67"]
[EventDate "1994.??.??"]

{60/411} 1. d4 1... d5 2. c4 c6 3. Nc3 Nf6 4. Nf3 e6 5. Bg5 h6 6. Bxf6 Qxf6 7.
Qb3 7... dxc4 $5 8. Qxc4 Nd7 9. g3 $6 9... Qe7 {N} (9... e5 $1 $11 10. Bg2 (10.
dxe5) 10... exd4 11. Ne4 (11. Nxd4 Nb6) 11... Qe7 12. Qxd4 12... Qb4+ $1) 10.
Bg2 Qb4 11. Nd2 $2 (11. Qxb4 Bxb4 12. Rc1 $5 $14 {Kramnik,V}) 11... Qxb2 $1 (
11... Nb6) 12. Rb1 Qa3 13. O-O (13. Bxc6 $2 13... bxc6 14. Qxc6 14... Rb8 $1
15. Nb5 (15. Rxb8 Qc1+ 16. Nd1 16... Qxc6 $19) 15... Qa5 16. O-O 16... Bb7 $1 (
16... Kd8 $2 17. Nc4 Qa6 18. Qc7+) (16... Qxd2 17. Nd6+ $1 17... Bxd6 18. Rxb8
Bxb8 19. Qxc8+ Ke7 20. Qxh8 20... Qxd4 $17) 17. Nc7+ Kd8 18. Rxb7 Rxb7 19.
Nxe6+ (19. Qxb7 19... Qxc7 $17) 19... fxe6 20. Qxb7 20... Qxd2 $17) 13... Nb6
14. Qd3 Be7 15. Nc4 15... Qa6 $1 (15... Nxc4 16. Qxc4 O-O 17. Rb3 $44) 16. Ne5
(16. Nxb6 $2 16... Qxd3 17. exd3 17... axb6 $19) (16. Nd6+ Bxd6 17. Qxa6 bxa6
18. Bxc6+ Ke7 19. Rxb6 axb6 20. Bxa8 Bd7 21. Bb7 21... Bb4 $1 $17) 16... Qxd3
17. Nxd3 O-O 18. a4 $2 {a4} (18. e3 $15 {Rfc1}) 18... Rd8 19. a5 $2 (19. e3 Nd5
20. Nxd5 (20. Ne4 20... a5 $17) 20... cxd5 $17) 19... Nc4 20. a6 20... b6 $1
21. Bxc6 Rb8 22. Ne5 $2 (22. Bb5 $1 22... Rxd4 $17 (22... Na3 $2 23. Ne5 $1
23... Nxb1 24. Rxb1)) 22... Bxa6 $19 23. Nb5 $8 (23. Ra1 23... Na5 $19) 23...
Nxe5 $1 (23... Na5 24. Nxa7) 24. dxe5 24... Rd2 $1 (24... Bxb5 25. Bxb5 a5 26.
Rfd1 Bc5 27. e3 {Kf1-e2} 27... Ra8 28. Ba4) 25. Nxa7 25... Bc5 $4 (25... Bxe2
$1 26. Rfc1 (26. Rfe1 26... Bc5 $19) 26... Ba3 $1 27. Rc3 Bb2 28. Rb3 28... Bd4
$19) 26. Rfc1 $1 26... Rbd8 (26... Rf8 27. e3 f6 28. Rd1 $1) 27. e3 g5 28. Nb5
Bxb5 29. Bxb5 R2d5 30. Bc6 Rxe5 31. Rd1 $1 $15 31... Rc8 32. Bf3 Kg7 33. Rd7
Rf5 (33... Kg6 34. g4) 34. Be4 $15 1/2-1/2

[Event "Linares"]
[Site "Linares"]
[Date "1994.??.??"]
[Round "?"]
[White "Shirov, Alexey"]
[Black "Illescas, Cordoba Miguel"]
[Result "1-0"]
[WhiteElo "2715"]
[BlackElo "2590"]
[Annotator "Shirov,A"]
[PlyCount "61"]
[EventDate "1994.??.??"]

{60/169} 1. e4 1... c5 2. Nf3 Nc6 3. d4 cxd4 4. Nxd4 e5 5. Nb5 d6 6. N1c3 a6 7.
Na3 b5 8. Nd5 Nf6 9. Bg5 Be7 10. Bxf6 Bxf6 11. c3 O-O 12. Nc2 Rb8 13. a3 13...
a5 {Bg5} 14. h4 $1 {N} 14... g6 (14... Ne7 15. Nce3 Nxd5 16. Nxd5 Be6 (16...
Bb7 $2 17. Bxb5) 17. g3 $14) 15. g3 Bg7 (15... h5 $5 16. Bh3 Be6 (16... Bxh3
17. Rxh3 Bg7 18. g4 $1 $40) 17. Nce3 Bg7 18. g4 $1 18... Qxh4 19. gxh5 Bxd5 (
19... Qxe4 $2 20. Bg2 Qa4 21. b3 $18) 20. Bg2 $1 20... Qg5 21. Qxd5 Ne7 22. Qd1
$14) 16. h5 Ne7 17. hxg6 hxg6 (17... fxg6 18. Bh3 $14) 18. Nce3 Nxd5 19. Nxd5
Be6 20. Bh3 20... Bxd5 $2 (20... Qd7 21. Bxe6 fxe6 22. Ne3 Qf7 23. Qe2 d5 24.
Rd1 $1 $14 24... dxe4 25. Rh4 $1) 21. Qxd5 $16 21... Qc7 (21... Qb6 $5) 22. O-O
Rfd8 23. Rfd1 23... Bh6 $6 (23... Kf8 $16 $142) 24. Bf1 24... Qb7 $6 (24... Qd7
25. b4 $1 25... axb4 26. axb4 $16) (24... Qb6 25. Qb3 a4 26. Qc2 $16 {Rd5}) (
24... Qc5 25. Rd3 $16) 25. Qxb7 Rxb7 26. Rd5 b4 (26... f5 27. exf5 gxf5 28.
Bxb5 Kf7 29. a4 $1 29... Ke6 30. Bc4 $18 {b3}) 27. cxb4 axb4 28. a4 $18 28...
Kf8 29. a5 29... Bg5 $6 30. a6 Rb6 31. Rb5 1-0

[Event "Linares"]
[Site "Linares"]
[Date "1994.??.??"]
[Round "?"]
[White "Shirov, Alexey"]
[Black "Ivanchuk, Vassily"]
[Result "1-0"]
[WhiteElo "2715"]
[BlackElo "2710"]
[Annotator "Shirov,A"]
[PlyCount "121"]
[EventDate "1994.??.??"]

{60/314} 1. e4 1... e5 2. Nf3 Nc6 3. Nc3 Nf6 4. Bb5 Nd4 5. Ba4 Nxf3+ 6. Qxf3
6... Bb4 {N} (6... c6 {- 56/(346)}) 7. Ne2 $1 (7. O-O 7... O-O {Bc3=}) 7... O-O
8. c3 Ba5 9. h3 (9. O-O $2 9... d5 {Bg4}) 9... d5 10. d3 10... Bd7 $6 (10...
dxe4 11. dxe4 Ne8 12. g4 Qf6 13. Qg2 $13) 11. Bc2 $6 (11. Bb3 Bc6 12. Ng3 dxe4
13. dxe4 $14) 11... dxe4 12. dxe4 Ne8 13. g4 $5 13... Qf6 $6 (13... Nd6 14. Ng3
14... b5 $1 $13 {b4}) 14. Qxf6 $1 (14. Qg2 14... Bb6 $11) 14... Nxf6 15. Bg5
Be6 16. Bxf6 gxf6 17. Ng3 17... Rfd8 $5 (17... c6 $6 18. Bb3 $1 $16) (17... c5
$5 18. Rg1 $5 18... Rfd8 (18... Bd8 19. Nf5 $14) 19. Nh5 Rd6 20. Nxf6+ Kh8 21.
g5 $1 21... Rad8 22. Rd1 Bxa2 23. Rg4 $1 $14) 18. Nh5 Rd6 19. Nxf6+ Kh8 20. f4
$1 (20. g5 Rad8 21. Bb3 21... Rd2 $13 22. Bxe6 fxe6 23. Rb1 $2 23... Rxb2 24.
Rxb2 Bxc3+ 25. Ke2 Bxb2 26. Rb1 Bd4 27. Rxb7 $2 27... Bb6) 20... Rad8 21. Rh2
$5 (21. fxe5 Rd2 22. Rd1 Rxd1+ 23. Bxd1 23... Bxa2 $11) 21... c5 $5 (21... exf4
22. e5 22... Ra6 $1 (22... Rc6 $2 23. Rd1 $1 23... Rxd1+ 24. Kxd1 {Rd2}) 23.
Rf2 Bb6 24. Rxf4 Be3 25. Rb4 $1 $14) 22. f5 $1 (22. fxe5 $6 22... Rb6 23. Bb3
c4 24. Rd1 $1 24... Ra6 $1 25. Bc2 Rxd1+ 26. Kxd1 26... Bc7 $1 $15) 22... Bxf5
23. exf5 Rxf6 24. Rd1 24... Rxd1+ $6 (24... Rh6 25. Be4 25... b5 $14) 25. Kxd1
25... Rd6+ $2 (25... Rh6 $142) 26. Rd2 26... Bc7 $6 (26... Rxd2+ $142 27. Kxd2
Bd8 28. Kd3 Bg5) 27. Rxd6 27... Bxd6 {NB 6/i} 28. Ke2 (28. Be4 b5 29. g5 $18 (
29. f6 $18)) 28... Be7 $1 29. Kd3 Bg5 30. Kc4 Bc1 31. b3 Bd2 32. Kxc5 Bxc3 33.
Be4 $2 (33. f6 $1 33... b6+ (33... Kg8 34. Kd6 {Ke7+-}) 34. Kb5 {Ka6+-}) 33...
Kg7 $1 (33... b6+ $2 34. Kb5 $18) 34. Bxb7 Kf6 35. Bd5 35... h6 $2 (35... h5 $1
36. Kc4 (36. b4 hxg4 37. hxg4 Kg5 38. Bxf7 Kxg4 39. Be6 Kg5 40. b5 40... e4 $11
) 36... Be1 37. Kd3 (37. gxh5 Kxf5 38. Bxf7 38... Kg5 $11) 37... hxg4 38. hxg4
a5 (38... Kg5 $2 39. Bxf7 Kxg4 40. Ke4 $1 40... Bc3 41. Bc4 Kg5 42. Bd3 $18)
39. Ke4 39... Bd2 $11) 36. b4 $1 36... Ke7 $6 (36... h5 37. Kc4 Be1 38. b5 $1
38... hxg4 39. hxg4 Kg5 40. Bxf7 Kxg4 41. Be6 Kg5 42. a4 $1 42... e4 43. Kd4
Kf4 44. f6 e3 45. f7 Bb4 46. Kd3 Ke5 (46... Kf3 47. a5 e2 48. Bg4+ $18) 47. Bc4
Kf6 48. a5 Ke7 49. b6 Bc5 (49... axb6 50. a6) 50. b7 Bd6 51. Kxe3 $18) 37. b5
f6 38. Kc6 $18 38... Ba5 39. Be4 Ke8 40. Kd6 Kf7 41. h4 $1 41... Be1 (41... h5
42. g5 $18) 42. h5 Bb4+ 43. Kd7 Ba3 44. Bd5+ Kf8 45. Ke6 Kg7 46. Be4 Bf8 (46...
Bb4 47. a4 Ba5 48. Kd7 Kf8 49. Kc6 Ke7 50. Kb7 Bb6 51. Ka6 Kd6 52. a5 Be3 53.
Kb7 $18) 47. a4 Bb4 48. Kd7 Kf8 49. Kc6 Ke7 50. Kb7 Bc5 51. a5 Kd6 52. b6 axb6
53. a6 b5 54. a7 Bxa7 55. Kxa7 Kc5 56. Ka6 b4 57. Ka5 Kd4 58. Kxb4 Kxe4 59. g5
hxg5 60. h6 Kxf5 61. h7 1-0

[Event "Linares"]
[Site "Linares"]
[Date "1994.??.??"]
[Round "?"]
[White "Shirov, Alexey"]
[Black "Kamsky, Gata"]
[Result "1-0"]
[WhiteElo "2715"]
[BlackElo "2695"]
[Annotator "Shirov,A"]
[PlyCount "107"]
[EventDate "1994.??.??"]

{60/204} 1. e4 1... c5 2. Nf3 e6 3. d4 cxd4 4. Nxd4 a6 5. Nc3 d6 6. Be3 b5 7.
a4 $5 7... b4 8. Na2 Nf6 9. Nxb4 9... Bb7 $1 10. Bd3 d5 (10... Nxe4 $11 $142)
11. c3 11... Nxe4 $6 (11... dxe4 $13) 12. Bxe4 dxe4 13. Qh5 $1 $14 13... Qc8 $8
(13... Bxb4 $2 14. Nxe6 $1 $40) 14. O-O Be7 15. Bg5 $1 15... Bxg5 16. Qxg5 O-O
17. Rad1 $2 (17. Rfd1 $1 17... Nd7 18. a5 h6 19. Qg3 Nf6 20. Nbc2 $14 {Rac1, b4
}) 17... Nd7 18. a5 $6 (18. Nbc2 $11 18... h6 19. Qa5) 18... h6 19. Qg3 Nf6 20.
Nbc2 20... Rb8 $1 21. Rc1 21... Bd5 $1 22. b4 22... Bc4 $1 23. Rfd1 Nd5 24. Ne3
Nxe3 25. fxe3 (25. Qxe3 25... f5 $15) 25... Rd8 $15 26. Qe5 (26. Nc2 26... f6
$1 {e5}) 26... Qb7 27. Nc2 27... Bd3 $1 (27... Rd3 $6 28. Ne1) (27... f6 28.
Rxd8+ Rxd8 29. Qc5 $132) 28. Nd4 Rd5 29. Qg3 Rc8 (29... Bc4 $5 30. Nc2 30... f6
$15) 30. Nb3 Rc6 31. Nc5 Rcxc5 32. bxc5 Rxc5 33. c4 $1 $13 33... Rg5 34. Qe1
Qc7 35. c5 $1 35... Rxc5 36. Rxc5 36... Qxc5 {Q 9/c} 37. Rc1 37... Qg5 $1 38.
h4 38... Qe5 $1 39. Qc3 Qg3 (39... Qh5 40. Qe1 $11) 40. Qe1 40... Qg4 $4 (40...
Qe5 $11) 41. Rc5 $3 $14 41... Kh7 (41... f6 $142 42. Kh2 42... e5 $14) 42. Kh2
g5 43. hxg5 hxg5 44. Rc8 $1 (44. Qg3 $2 44... Qxg3+ 45. Kxg3 45... Kg6 {f5=})
44... Kg6 $2 (44... e5 $6 45. Rc5 $1 45... f6 46. Qg3 $1 46... Qxg3+ 47. Kxg3
Kg6 48. Kh3 $1 {g4} 48... Bf1 49. Rc1 Bb5 50. g4 f5 51. Rc5 fxg4+ 52. Kg3 $1
$16) (44... f6 $14) 45. Rh8 $1 $16 45... f6 46. Qc3 Qe2 (46... Qf5 47. Qc7 Qe5+
48. Qxe5 fxe5 49. g4 $1 49... Be2 50. Kg3 $18 {Rb8-b6, Kf2-e1| a6}) 47. Qc7 Kf5
48. Qh7+ Ke5 49. Qa7 $1 49... Kf5 50. Rh6 $1 50... Qf2 (50... Qb2 51. Qh7+ Ke5
(51... Kg4 $2 52. Rh4+ gxh4 53. Qg6#) 52. Qg7 Qf2 (52... Kd6 53. Qxf6 $18) (
52... Kf5 53. Qg6+ Kg4 54. Rh4+ Kxh4 55. Qh6+ Kg4 56. Qh3#) 53. Qa7 Kf5 54. Kh3
$3 {- 50... Qf2}) 51. Kh3 $3 $18 {52. g4 Ke5 53. Qc5#, 52. Qc5 e5 53. Qc8#}
51... g4+ 52. Kh2 {53. Rh5 Kg6 54. Qh7#} 52... g3+ 53. Kh3 Qe2 (53... Be2 54.
Kh4 $3 {55. Qc5 e5 56. Qc8#} 54... Bc4 55. Rh5+ Kg6 56. Qh7#) 54. Qg7 1-0